000 00635nam a2200217 a 4500
003 BD-DhJNU
005 20250205054048.0
008 221123r20141989bg a|||| |||| 001 0 eng d
020 _a9789845061513
040 _aBD-DhJNU
_bENG
_cBD-DhJNU
_dBD-DhJNU
082 _a351.05492 LOC
_223
245 _aLocal government in Bangladesh /
_cedited by Kamal Siddiqui
250 _a1st ed.
260 _aDhaka :
_bThe University press.
_c2005.
300 _axii 599 p . :
_bill. ;
_c24 cm.
504 _aIncludes index.
650 _aPublic administration
650 _aLocal government
_zBangladesh
700 _aSiddiqui, Kamal
942 _cBK
999 _c1244
_d1244